[Event "Mistrovstvi CR senioru nad 70 a 80 let"]
[Site "Pelcovo divadlo Rychnov nad Kn"]
[Date "2014.08.16"]
[Round "1"]
[White "Skokan, Zdenek"]
[Black "Matoulek, Jaroslav"]
[Result "1-0"]
[WhiteElo "1936"]
[BlackElo "1644"]
[PlyCount "71"]
[EventDate "2014.08.16"]

1. e4 e5 2. Nf3 d6 3. d4 exd4 4. Nxd4 Be7 5. Nc3 a6 6. Bc4 c6 7. O-O Nf6 8. Bf4
Ng4 9. h3 Ne5 10. Bb3 O-O 11. Nf3 Ng6 12. Bg3 Be6 13. Nd4 Bxb3 14. axb3 Bf6 15.
Nf5 Be5 16. f4 Bxc3 17. bxc3 d5 18. exd5 Qf6 19. Qd3 cxd5 20. Rad1 Rd8 21. Ne3
Ne7 22. Ng4 Qf5 23. Ne3 Qxd3 24. Rxd3 Nbc6 25. Rfd1 d4 26. cxd4 Nb4 27. R3d2
Ned5 28. Nxd5 Nxd5 29. Re1 Re8 30. Re5 Rad8 31. c4 Nb4 32. Bf2 f6 33. Rxe8+
Rxe8 34. d5 Rd8 35. Bc5 Nc6 36. dxc6 1-0

[Event "Mistrovstvi CR senioru nad 70 a 80 let"]
[Site "Pelcovo divadlo Rychnov nad Kn"]
[Date "2014.08.16"]
[Round "1"]
[White "Mikule, Zdenek"]
[Black "Slizek, Josef"]
[Result "0-1"]
[WhiteElo "1638"]
[BlackElo "1926"]
[PlyCount "70"]
[EventDate "2014.08.16"]

1. e4 c5 2. Nf3 d6 3. d4 cxd4 4. Nxd4 Nf6 5. Nc3 a6 6. Be2 e6 7. O-O Qc7 8. Nb3
b5 9. a3 Bb7 10. f3 Be7 11. Be3 Nbd7 12. Kh1 O-O 13. Qe1 d5 14. exd5 Nxd5 15.
Nxd5 Bxd5 16. Nd4 Bf6 17. c3 g6 18. Rd1 Nb6 19. Qf2 Na4 20. Bd3 e5 21. Be4 exd4
22. Bxd4 Bxd4 23. cxd4 Rad8 24. Rc1 Qf4 25. g3 Qf6 26. Rcd1 Rfe8 27. Bxd5 Rxd5
28. Rd2 Red8 29. Rfd1 Nb6 30. b3 Qd6 31. b4 Nc4 32. Rd3 h5 33. Kg2 Re8 34. h3
Qe6 35. g4 Ne3+ 0-1

[Event "Mistrovstvi CR senioru nad 70 a 80 let"]
[Site "Pelcovo divadlo Rychnov nad Kn"]
[Date "2014.08.16"]
[Round "1"]
[White "Zikmund, Jaroslav"]
[Black "Kuril, Rudolf"]
[Result "1-0"]
[WhiteElo "1807"]
[BlackElo "1564"]
[PlyCount "73"]
[EventDate "2014.08.16"]

1. d4 d6 2. c4 g6 3. Nf3 Bg7 4. Nc3 c6 5. e4 Nd7 6. Be3 Ngf6 7. h3 O-O 8. Bd3
e5 9. d5 a6 10. O-O c5 11. a3 b6 12. Qd2 Rb8 13. Rfb1 Nh5 14. g4 Nhf6 15. b4
Re8 16. bxc5 bxc5 17. Na4 Qc7 18. Rxb8 Nxb8 19. Rb1 Bd7 20. Nb6 Bxg4 21. hxg4
Nxg4 22. Nh2 Nxh2 23. Kxh2 Qd8 24. Bg5 f6 25. Bh6 g5 26. Bxg7 Kxg7 27. Be2 Nd7
28. Nxd7 Qxd7 29. Bh5 Re7 30. f3 h6 31. Qa5 f5 32. Re1 f4 33. Qxa6 Kf6 34. Rb1
Qc7 35. Rb6 Rd7 36. Bg4 Re7 37. Rxd6+ 1-0

[Event "Mistrovstvi CR senioru nad 70 a 80 let"]
[Site "Pelcovo divadlo Rychnov nad Kn"]
[Date "2014.08.16"]
[Round "1"]
[White "Houska, Frantisek"]
[Black "Sladek, Jaroslav"]
[Result "0-1"]
[WhiteElo "1158"]
[BlackElo "1559"]
[Annotator "Kata"]
[PlyCount "46"]
[EventDate "2014.08.16"]

1. c4 d6 2. Nc3 Nd7 3. Nf3 Ngf6 4. d4 g6 5. e3 Bg7 6. Bd3 O-O 7. O-O c5 8. d5
Ng4 9. e4 Nge5 10. Bf4 Nxf3+ 11. Qxf3 Ne5 12. Bxe5 Bxe5 13. Rfe1 f5 14. exf5
Bxf5 15. Bxf5 Rxf5 16. Qe3 Bd4 17. Qe6+ Kh8 18. Re2 Qf8 19. Rf1 Re5 20. Qg4 Qf5
21. Qxf5 Rxf5 22. Nd1 Raf8 23. a3 a6 {cerny pozdeji vyhral (necitelny zapis)}
0-1

[Event "Mistrovstvi CR senioru nad 70 a 80 let"]
[Site "Pelcovo divadlo Rychnov nad Kn"]
[Date "2014.08.16"]
[Round "1"]
[White "Mesiarik, Rudolf"]
[Black "Haderka, Karel"]
[Result "1-0"]
[WhiteElo "2068"]
[BlackElo "1787"]
[PlyCount "103"]
[EventDate "2014.08.16"]

1. Nf3 d5 2. c4 e6 3. g3 g6 4. Bg2 Bg7 5. O-O Ne7 6. Na3 O-O 7. d4 Nf5 8. Bg5
f6 9. Bc1 c6 10. h4 Nd7 11. Qc2 h5 12. e4 dxe4 13. Qxe4 Re8 14. Rd1 Nf8 15. Qc2
Qe7 16. c5 Rd8 17. Nc4 Bd7 18. Bf4 Be8 19. Nd6 Nxd6 20. Bxd6 Qd7 21. Bh3 Bf7
22. Re1 Re8 23. Re2 f5 24. Ne5 Bxe5 25. Bxe5 Qe7 26. Rd1 Nd7 27. Bd6 Qf6 28.
Qb3 b6 29. Qa4 Rec8 30. Bg2 Be8 31. Qa6 b5 32. Rde1 Nf8 33. Rd1 Qf7 34. b4 Qd7
35. a4 bxa4 36. Qxa4 a6 37. Qa1 Qf7 38. Ra2 Qb7 39. Rd3 Qxb4 40. Rda3 Nd7 41.
Rxa6 Rxa6 42. Rxa6 Nf6 43. Ra4 Qd2 44. Bf4 Qd3 45. Bf1 Qf3 46. Ra3 Qd5 47. Ra7
Bd7 48. Be5 Ne4 49. Qc1 Kh7 50. Bc4 Nxg3 51. Bxg3 Qxd4 52. Bd6 1-0

[Event "Mistrovstvi CR senioru nad 70 a 80 let"]
[Site "Pelcovo divadlo Rychnov nad Kn"]
[Date "2014.08.16"]
[Round "1"]
[White "Zeman, Ladislav"]
[Black "Volf, Jaroslav"]
[Result "0-1"]
[WhiteElo "1771"]
[BlackElo "2029"]
[PlyCount "68"]
[EventDate "2014.08.16"]

1. e4 c5 2. Nc3 Nc6 3. g3 g6 4. Bg2 Bg7 5. d3 d6 6. Nge2 e6 7. Be3 Nge7 8. Qd2
Nd4 9. Nd1 Nxe2 10. Qxe2 Bd7 11. Nc3 Bc6 12. O-O O-O 13. Qd2 b6 14. Bh6 d5 15.
Bxg7 Kxg7 16. Qf4 f6 17. Rad1 e5 18. Qc1 d4 19. Ne2 Bd7 20. h3 Rc8 21. b3 b5
22. f4 Nc6 23. Kh2 Qe7 24. Qd2 Be6 25. f5 Bf7 26. h4 c4 27. g4 Qb4 28. g5 Qxd2
29. Rxd2 Nb4 30. fxg6 Bxg6 31. Bh3 Rc7 32. Nc1 cxd3 33. cxd3 fxg5 34. hxg5 Rxf1
0-1

[Event "Mistrovstvi CR senioru nad 70 a 80 let"]
[Site "Pelcovo divadlo Rychnov nad Kn"]
[Date "2014.08.16"]
[Round "1"]
[White "Vitek, Vaclav"]
[Black "Vlasak, Ladislav"]
[Result "1/2-1/2"]
[WhiteElo "1995"]
[BlackElo "1759"]
[PlyCount "62"]
[EventDate "2014.08.16"]

1. d4 Nf6 2. Bf4 g6 3. e3 Bg7 4. Nd2 O-O 5. Be2 d6 6. h4 c5 7. c3 Nc6 8. h5
gxh5 9. Bxh5 Bf5 10. Bf3 Re8 11. g4 Bg6 12. dxc5 dxc5 13. Nc4 Qxd1+ 14. Rxd1
Rac8 15. Ne5 Nxe5 16. Bxe5 b6 17. Nh3 Red8 18. O-O Rxd1 19. Rxd1 Be4 20. Be2 e6
21. f3 Bc2 22. Rd2 Bb1 23. b3 Nd5 24. Bxg7 Kxg7 25. c4 Nc3 26. Kf2 Nxa2 27. Rd7
Kf6 28. Nf4 Bc2 29. Rxa7 Nc1 30. Nh5+ Kg6 31. Nf4+ Kf6 1/2-1/2

[Event "Mistrovstvi CR senioru nad 70 a 80 let"]
[Site "Pelcovo divadlo Rychnov nad Kn"]
[Date "2014.08.16"]
[Round "1"]
[White "Vlachopulos, Elefteris"]
[Black "Chmelik, Jiri"]
[Result "1/2-1/2"]
[WhiteElo "1751"]
[BlackElo "1994"]
[PlyCount "82"]
[EventDate "2014.08.16"]

1. d4 Nf6 2. Nf3 e6 3. c4 b6 4. Nc3 Bb7 5. Qc2 Bb4 6. Bg5 h6 7. Bh4 Bxc3+ 8.
Qxc3 d6 9. e3 Nbd7 10. Bxf6 Qxf6 11. Be2 O-O 12. O-O Rfe8 13. Rfd1 Rad8 14.
Rac1 a5 15. a3 Ra8 16. b4 axb4 17. axb4 Ra2 18. Rc2 Rxc2 19. Qxc2 Ra8 20. c5
bxc5 21. dxc5 Bxf3 22. Bxf3 d5 23. e4 Ne5 24. Be2 c6 25. exd5 exd5 26. b5 cxb5
27. Bxb5 Nc6 28. Qd2 Rd8 29. Qa2 Nd4 30. Bf1 Ne6 31. Rxd5 Rxd5 32. Qxd5 Qd4 33.
Qa8+ Kh7 34. c6 Qd6 35. Qb7 Nd8 36. Qd7 Qxd7 37. cxd7 Kg8 38. f4 Kf8 39. Kf2
Ke7 40. Bb5 Nb7 41. Ke3 Nc5 1/2-1/2

[Event "Mistrovstvi CR senioru nad 70 a 80 let"]
[Site "Pelcovo divadlo Rychnov nad Kn"]
[Date "2014.08.16"]
[Round "1"]
[White "Just, Pavel"]
[Black "Bainhofner, Jiri"]
[Result "0-1"]
[WhiteElo "1994"]
[BlackElo "1748"]
[PlyCount "94"]
[EventDate "2014.08.16"]

1. e4 e5 2. Nf3 Nc6 3. Bb5 a6 4. Bxc6 dxc6 5. O-O f6 6. d4 Bg4 7. c3 Bd6 8.
Nbd2 exd4 9. cxd4 Qd7 10. h3 Bh5 11. Qb3 O-O-O 12. e5 Bf7 13. Qc3 Be7 14. Re1
Bd5 15. b4 g5 16. Nc4 Bxf3 17. gxf3 Qxd4 18. Bb2 Qxc3 19. Bxc3 h5 20. a3 fxe5
21. Bxe5 Bf6 22. Kg2 Rh7 23. Ra2 Rhd7 24. h4 gxh4 25. f4 Rd3 26. Re3 Rxe3 27.
fxe3 Rd3 28. Kf3 Bxe5 29. Nxe5 Rd1 30. Rh2 Ra1 31. Ng6 Nf6 32. Nxh4 Rxa3 33.
Nf5 Rb3 34. Ng3 Rxb4 35. Nxh5 Nxh5 36. Rxh5 Rb5 37. Rh7 a5 38. e4 Rb3+ 39. Kg4
a4 40. e5 a3 41. e6 Kd8 42. Kf5 a2 43. Rh8+ Ke7 44. Ra8 Rb2 45. Ke5 Re2+ 46.
Kf5 b5 47. Kg5 Kxe6 0-1

[Event "Mistrovstvi CR senioru nad 70 a 80 let"]
[Site "Pelcovo divadlo Rychnov nad Kn"]
[Date "2014.08.16"]
[Round "1"]
[White "Vesely, Emanuel"]
[Black "Trojan, Lubos"]
[Result "0-1"]
[WhiteElo "1745"]
[BlackElo "1989"]
[PlyCount "98"]
[EventDate "2014.08.16"]

1. d4 d5 2. c4 c6 3. Nc3 Nf6 4. Bg5 e6 5. e3 Nbd7 6. cxd5 exd5 7. Bd3 Be7 8.
Nf3 O-O 9. O-O Re8 10. Qc2 Nf8 11. a3 Bg4 12. Ne5 Bh5 13. b4 a6 14. Na4 Bg6 15.
Nc5 Bxd3 16. Qxd3 Qc8 17. Rac1 Ne4 18. Bxe7 Rxe7 19. Qe2 f6 20. Nf3 Nd6 21. Qa2
Kh8 22. Nd3 Qf5 23. Qc2 Rae8 24. Nf4 Ne4 25. Ne2 Qh5 26. Ng3 Nxg3 27. hxg3 Re4
28. Nh4 Ng6 29. Nxg6+ hxg6 30. Qd1 Qh6 31. Qf3 f5 32. a4 Rf8 33. b5 axb5 34.
axb5 g5 35. bxc6 bxc6 36. Rfd1 g4 37. Qe2 Rfe8 38. Qc2 R8e6 39. Rb1 Qh5 40. Rb6
Rh6 41. Kf1 Qh1+ 42. Ke2 Qxg2 43. Rxc6 Qf3+ 44. Kd3 Rh2 45. Rd2 Rxf2 46. Rh6+
gxh6 47. Qc8+ Kg7 48. Qd7+ Kf6 49. Qd6+ Kg5 0-1

[Event "Mistrovstvi CR senioru nad 70 a 80 let"]
[Site "Pelcovo divadlo Rychnov nad Kn"]
[Date "2014.08.16"]
[Round "1"]
[White "Jacek, Miloslav"]
[Black "Kosek, Lubomir"]
[Result "1-0"]
[WhiteElo "1980"]
[BlackElo "1741"]
[PlyCount "67"]
[EventDate "2014.08.16"]

1. e4 c6 2. d4 d5 3. exd5 cxd5 4. c3 Nf6 5. Nf3 Nc6 6. Bf4 a6 7. h3 e6 8. Bd3
Bd6 9. Bxd6 Qxd6 10. O-O O-O 11. Re1 b5 12. Nbd2 Rb8 13. Ne5 b4 14. Nb3 Ne7 15.
Nc5 a5 16. Re3 Nf5 17. Rf3 Nd7 18. Ncxd7 Bxd7 19. Qc2 bxc3 20. bxc3 g6 21. g4
Nh4 22. Rg3 Bb5 23. Bxb5 Rxb5 24. Rb1 Rxb1+ 25. Qxb1 Rb8 26. Qc1 Re8 27. Qf4
Qe7 28. g5 Nf5 29. Re3 Rb8 30. Re1 Rb2 31. Ng4 a4 32. Nf6+ Kg7 33. Qe5 a3 34.
Nxd5+ 1-0

[Event "Mistrovstvi CR senioru nad 70 a 80 let"]
[Site "Pelcovo divadlo Rychnov nad Kn"]
[Date "2014.08.16"]
[Round "1"]
[White "Biza, Miroslav"]
[Black "Pojedziniec, Wladyslaw"]
[Result "0-1"]
[WhiteElo "1718"]
[BlackElo "1961"]
[PlyCount "52"]
[EventDate "2014.08.16"]

1. d4 Nf6 2. c4 e6 3. Nc3 Bb4 4. Qc2 c5 5. Nf3 b6 6. a3 Bxc3+ 7. bxc3 Bb7 8. e3
d6 9. Bd3 Nc6 10. e4 e5 11. d5 Ne7 12. Nh4 h6 13. Nf5 Nxf5 14. exf5 O-O 15. O-O
Re8 16. Re1 Bc8 17. f4 e4 18. Bxe4 Bxf5 19. Bxf5 Rxe1+ 20. Kf2 Qe7 21. Qd3 Re8
22. Be6 Rh1 23. f5 fxe6 24. dxe6 Ng4+ 25. Kg3 Ne5 26. Qd5 Rxc1 0-1

[Event "Mistrovstvi CR senioru nad 70 a 80 let"]
[Site "?"]
[Date "2014.08.17"]
[Round "2"]
[White "Slizek, Josef"]
[Black "Most, Zdenek"]
[Result "1-0"]
[WhiteElo "1926"]
[BlackElo "2015"]
[PlyCount "138"]
[EventDate "2014.08.16"]

1. e4 c5 2. f4 Nc6 3. Nc3 d6 4. d3 g6 5. Nf3 Bg7 6. h3 Rb8 7. Nd5 e6 8. Ne3 d5
9. e5 Nge7 10. c3 O-O 11. d4 b6 12. Be2 f6 13. O-O Bd7 14. g3 Qc7 15. b3 fxe5
16. dxe5 b5 17. a3 a6 18. Bb2 Rbd8 19. Qc2 Bc8 20. Rfd1 Qb6 21. Kh2 c4 22. Nd4
Na5 23. b4 Nb3 24. Rab1 Nxd4 25. cxd4 Nf5 26. Nxf5 Rxf5 27. Rf1 Rdf8 28. Bg4
R5f7 29. h4 Qd8 30. Kh3 Qe7 31. Bc3 Qa7 32. Rbe1 Qe7 33. Re2 Bh6 34. Ref2 Kh8
35. Kg2 Bd7 36. Bd2 Rg8 37. Qc3 Bg7 38. Be3 Qd8 39. Rh1 Bf8 40. Bd1 h5 41. Rff1
Bh6 42. Bc2 Qe7 43. Qa1 Rff8 44. Qb1 Qf7 45. Rf2 Be8 46. Rhf1 Qe7 47. Rf3 a5
48. bxa5 Qxa3 49. Bd2 Qe7 50. Bb4 Qg7 51. Bxf8 Qxf8 52. Qb2 b4 53. Ra1 b3 54.
Bb1 Qb4 55. Qc3 Bf8 56. Qe3 Rg7 57. a6 Ra7 58. Kh3 Qb6 59. g4 hxg4+ 60. Kxg4
Rxa6 61. Rxa6 Qxa6 62. Qc3 Qb6 63. Rh3 Bb4 64. Qb2 Ba5 65. h5 gxh5+ 66. Kf3 c3
67. Qh2 Qb7 68. Rxh5+ Bxh5+ 69. Qxh5+ Kg7 1-0

[Event "Mistrovstvi CR senioru nad 70 a 80 let"]
[Site "?"]
[Date "2017.08.20"]
[Round "2"]
[White "Sladek, Jaroslav"]
[Black "Skokan, Zdenek"]
[Result "1/2-1/2"]
[WhiteElo "1559"]
[BlackElo "1936"]
[PlyCount "96"]
[EventDate "2014.08.16"]

1. e4 d6 2. Nf3 g6 3. d4 Bg7 4. c4 c6 5. Nc3 Qc7 6. Be2 e5 7. d5 Bg4 8. O-O Nf6
9. h3 Bxf3 10. Bxf3 O-O 11. Bg5 h6 12. Bxf6 Bxf6 13. b3 c5 14. Qc2 Na6 15. a3
Qe7 16. Nb5 Nc7 17. Nxc7 Qxc7 18. Be2 a5 19. Rfb1 b6 20. b4 Rfb8 21. bxa5 Rxa5
22. a4 Rba8 23. Rb5 R5a6 24. Bd1 Bd8 25. Qb2 Qe7 26. Ra3 Qh4 27. Qc2 Kg7 28.
Qe2 Qf4 29. Qe3 Qxe3 30. fxe3 h5 31. g3 Ra5 32. Rxa5 Rxa5 33. Kf2 Ra7 34. Ra2
h4 35. Bg4 hxg3+ 36. Kxg3 Bg5 37. Kf3 Bh4 38. Bc8 Be1 39. Ke2 Bh4 40. Bg4 Ra8
41. Kd3 Be1 42. Bd7 Rd8 43. Bc6 Rh8 44. Rh2 Rh4 45. Ke2 Ba5 46. Bd7 Kf6 47.
Rf2+ Ke7 48. Bg4 Rh8 1/2-1/2

[Event "Mistrovstvi CR senioru nad 70 a 80 let"]
[Site "?"]
[Date "2017.08.20"]
[Round "2"]
[White "Leiner, Raimund"]
[Black "Zikmund, Jaroslav"]
[Result "0-1"]
[WhiteElo "1981"]
[BlackElo "1807"]
[PlyCount "64"]
[EventDate "2014.08.16"]

1. d4 d5 2. c4 c6 3. Nc3 dxc4 4. e4 b5 5. a4 b4 6. Na2 a5 7. Bxc4 Ba6 8. b3 Nf6
9. f3 e6 10. Ne2 Be7 11. O-O O-O 12. Be3 Nbd7 13. Re1 Bxc4 14. bxc4 Rc8 15. Qb3
e5 16. Rad1 exd4 17. Bxd4 c5 18. Bf2 Qc7 19. Bg3 Qc6 20. Ra1 Rfd8 21. Nac1 Nb6
22. Nd3 Nh5 23. Bf2 g6 24. g4 Ng7 25. Nef4 Ne6 26. Nd5 Qb7 27. h4 Nd4 28. Bxd4
cxd4 29. Nxb6 Qxb6 30. Kg2 Qc7 31. Rac1 Bxh4 32. Rh1 Qg3+ 0-1

[Event "Mistrovstvi CR senioru nad 70 a 80 let"]
[Site "?"]
[Date "2017.08.20"]
[Round "2"]
[White "Perik, Alois"]
[Black "Mesiarik, Rudolf"]
[Result "0-1"]
[WhiteElo "1838"]
[BlackElo "2068"]
[PlyCount "136"]
[EventDate "2014.08.16"]

1. c4 c5 2. Nc3 Nc6 3. g3 g6 4. Bg2 Bg7 5. Nf3 d6 6. O-O e6 7. e3 Nge7 8. d4
O-O 9. b3 cxd4 10. Nxd4 Nxd4 11. exd4 Nf5 12. Ne2 Rb8 13. Bb2 a6 14. Rb1 b5 15.
cxb5 axb5 16. d5 e5 17. b4 Qb6 18. a3 Bd7 19. Qd3 Ne7 20. Bc1 Bf5 21. Be4 Bh3
22. Bg2 Bf5 23. Be4 Qb7 24. Rd1 Rfc8 25. Bg5 Rc4 26. f3 f6 27. Be3 Bd7 28. Qd2
Ra8 29. Rb3 Rac8 30. Nc3 Nf5 31. Bxf5 Bxf5 32. g4 Bd7 33. Rc1 (33. Re1 f5 34.
h3 R8c7) 33... f5 34. h3 R8c7 35. Rbb1 Qa8 36. Rb3 f4 37. Bb6 Rc8 38. Ne2 Qa6
39. Ba5 g5 40. Rbc3 Qa7+ 41. Kf1 Be8 42. Rxc4 Rxc4 43. Rxc4 bxc4 44. Nc3 Bg6
45. Ne4 Bxe4 46. fxe4 Qa6 47. Qc3 Qb5 48. Ke2 Bf8 49. Bd8 h6 50. Ba5 Kf7 51.
Kd2 Be7 52. Qc2 Qa6 53. a4 Qa7 54. Qxc4 Qe3+ 55. Kc2 Qe1 56. Qc8 Qxe4+ 57. Kb2
Qxd5 58. Qf5+ Kg7 59. b5 Qg2+ 60. Kb1 Qd5 61. Qd7 Qf7 62. b6 f3 63. Qb5 f2 64.
Qf1 Bd8 65. Ka1 Qf3 66. b7 Qa3+ 67. Kb1 Qb3+ 68. Ka1 Bf6 0-1

[Event "Mistrovstvi CR senioru nad 70 a 80 let"]
[Site "?"]
[Date "2017.08.20"]
[Round "2"]
[White "Volf, Jaroslav"]
[Black "Tomandl, Vladimir"]
[Result "1-0"]
[WhiteElo "2029"]
[BlackElo "1853"]
[PlyCount "89"]
[EventDate "2014.08.16"]

1. e4 d6 2. d4 Nf6 3. Nc3 g6 4. f4 Bg7 5. Nf3 O-O 6. Be2 Nbd7 7. e5 Ne8 8. O-O
c6 9. Be3 Nb6 10. Qd2 Nd5 11. Nxd5 cxd5 12. c4 dxc4 13. Bxc4 d5 14. Bd3 Bd7 15.
Rac1 Rc8 16. Rxc8 Qxc8 17. Qa5 a6 18. Qxd5 Bc6 19. Qc5 Nc7 20. Bd2 Nd5 21. Be4
Qd7 22. Rc1 e6 23. a3 Re8 24. Ne1 Bf8 25. Qc4 Rc8 26. Bxd5 exd5 27. Qc3 Kg7 28.
Qf3 Be7 29. g4 f6 30. Nd3 f5 31. g5 Qe6 32. Bb4 b6 33. Bxe7 Qxe7 34. Nb4 Qd7
35. Rxc6 Rxc6 36. Nxc6 Qxc6 37. Qc3 Qa4 38. Kf2 h5 39. gxh6+ Kxh6 40. e6 Qe8
41. Qh3+ Kg7 42. Qe3 Qc6 43. Qe5+ Kg8 44. Kg3 Qc2 45. e7 1-0

[Event "Mistrovstvi CR senioru nad 70 a 80 let"]
[Site "?"]
[Date "2017.08.20"]
[Round "2"]
[White "Trojan, Lubos"]
[Black "Klimes, Jiri"]
[Result "1-0"]
[WhiteElo "1989"]
[BlackElo "1834"]
[PlyCount "73"]
[EventDate "2014.08.16"]

1. d4 Nf6 2. Nf3 g6 3. Bf4 Bg7 4. h3 c5 5. c3 cxd4 6. cxd4 Nc6 7. e3 O-O 8. Be2
d6 9. Nc3 Qb6 10. Qd2 Bf5 11. Na4 Qb4 12. Qxb4 Nxb4 13. O-O Rac8 14. Bh2 Rc2
15. Bd1 Rc6 16. Bb3 Rfc8 17. a3 Nd3 18. g4 Be4 19. Ng5 Bd5 20. Bxd5 Nxd5 21.
Rad1 Nc1 22. e4 Ne2+ 23. Kh1 Nb6 24. Nxb6 Rxb6 25. e5 dxe5 26. dxe5 Rxb2 27.
Rd7 h6 28. Ne4 Bf8 29. Rfd1 Rb3 30. Kg2 Nc3 31. R1d3 Rxa3 32. Rxb7 e6 33. Nf6+
Kg7 34. Rdd7 g5 35. Rxf7+ Kg6 36. Nh5 Nd5 37. Rg7+ 1-0

[Event "Mistrovstvi CR senioru nad 70 a 80 let"]
[Site "?"]
[Date "2014.08.17"]
[Round "2"]
[White "Pavlu, Jiri"]
[Black "Jacek, Miloslav"]
[Result "1/2-1/2"]
[WhiteElo "1822"]
[BlackElo "1980"]
[PlyCount "29"]
[EventDate "2014.08.16"]

1. d4 Nf6 2. c4 e6 3. Bg5 c5 4. e3 Be7 5. Nc3 O-O 6. Nf3 cxd4 7. exd4 b6 8. Be2
Bb7 9. O-O d6 10. Rc1 Ne4 11. Bxe7 Qxe7 12. Nxe4 Bxe4 13. Bd3 Bxd3 14. Qxd3 Nd7
15. Rfe1 1/2-1/2

[Event "Mistrovstvi CR senioru nad 70 a 80 let"]
[Site "?"]
[Date "2017.08.20"]
[Round "2"]
[White "Pojedziniec, Wladyslaw"]
[Black "Tolar, Jan"]
[Result "1-0"]
[WhiteElo "1961"]
[BlackElo "1805"]
[PlyCount "46"]
[EventDate "2014.08.16"]

1. d4 Nf6 2. c4 d5 3. cxd5 Nxd5 4. e4 Nb6 5. Nf3 Bg4 6. Nc3 e6 7. Be3 Be7 8.
Be2 Nc6 9. O-O a6 10. d5 exd5 11. exd5 Bxf3 12. Bxf3 Ne5 13. Be2 Nbc4 14. Bd4
O-O 15. b3 Nb2 16. Qc2 Bd6 17. Ne4 Ned3 18. Bxd3 Nxd3 19. Qxd3 Bxh2+ 20. Kxh2
Qh4+ 21. Kg1 Rad8 22. Qg3 Qxg3 23. Nxg3 Rxd5 1-0

[Event "Mistrovstvi CR senioru nad 70 a 80 let"]
[Site "?"]
[Date "2017.08.20"]
[Round "2"]
[White "Folta, Jaroslav"]
[Black "Bakalar, Jan"]
[Result "0-1"]
[WhiteElo "1794"]
[BlackElo "1946"]
[PlyCount "74"]
[EventDate "2014.08.16"]

1. d4 c5 2. d5 e5 3. c4 d6 4. Nc3 Ne7 5. e4 Ng6 6. Bd3 Be7 7. Nge2 Bg5 8. O-O
Bxc1 9. Qxc1 O-O 10. f4 exf4 11. Nxf4 Ne5 12. Qe3 Nbd7 13. Nce2 Nf6 14. Ng3
Nfg4 15. Qd2 Qh4 16. Nh3 Nxh2 17. Nf5 Bxf5 18. Rxf5 Qg3 19. Be2 Nhg4 20. Bxg4
Qxg4 21. Rf4 Qd7 22. b3 b5 23. cxb5 Qxb5 24. Raf1 a5 25. Ng5 a4 26. Qd1 h6 27.
Nf3 axb3 28. axb3 Ng6 29. Rg4 Ra3 30. Nd2 Ne5 31. Rg3 Qb4 32. Kh1 Qd4 33. Qc1
Ra2 34. Nc4 Rfa8 35. Qf4 Ra1 36. Rxg7+ Kxg7 37. Qf6+ Kg8 0-1

[Event "Mistrovstvi CR senioru nad 70 a 80 let"]
[Site "?"]
[Date "2017.08.20"]
[Round "2"]
[White "Bainhofner, Jiri"]
[Black "Truksa, Vaclav"]
[Result "1/2-1/2"]
[WhiteElo "1748"]
[BlackElo "1864"]
[PlyCount "43"]
[EventDate "2014.08.16"]

1. e4 c5 2. Nc3 e6 3. Nf3 Nc6 4. d4 cxd4 5. Nxd4 Nf6 6. Nxc6 bxc6 7. Bd3 Qc7 8.
Bg5 Be7 9. O-O h6 10. Be3 d5 11. exd5 exd5 12. Re1 O-O 13. Ne2 Ng4 14. Ng3 Nxe3
15. Rxe3 Bg5 16. Re1 Be6 17. c3 Rab8 18. Qc2 Qd7 19. Bh7+ Kh8 20. Bf5 Bxf5 21.
Nxf5 Rfe8 22. Nd4 1/2-1/2

[Event "Mistrovstvi CR senioru nad 70 a 80 let"]
[Site "?"]
[Date "2017.08.20"]
[Round "2"]
[White "Bukacek, Lubomir"]
[Black "Vitek, Vaclav"]
[Result "0-1"]
[WhiteElo "1694"]
[BlackElo "1995"]
[PlyCount "32"]
[EventDate "2014.08.16"]

1. d4 d5 2. c4 Nc6 3. Nc3 e5 4. e3 exd4 5. exd4 dxc4 6. Nf3 Bf5 7. Bxc4 Qe7+ 8.
Be3 O-O-O 9. O-O Nf6 10. a3 h6 11. Qa4 Be4 12. Ne5 Nxe5 13. dxe5 Qxe5 14. Qxa7
Ng4 15. g3 Bc6 16. Qc5 Bxc5 0-1

[Event "Mistrovstvi CR senioru nad 70 a 80 let"]
[Site "?"]
[Date "2017.08.20"]
[Round "2"]
[White "Chmelik, Jiri"]
[Black "Reichmann, Pavel"]
[Result "1-0"]
[WhiteElo "1994"]
[BlackElo "1695"]
[PlyCount "59"]
[EventDate "2014.08.16"]

1. d4 Nf6 2. c4 c5 3. d5 e6 4. Nc3 exd5 5. cxd5 d6 6. e4 g6 7. Bd3 Bg7 8. h3
O-O 9. Nge2 a6 10. a4 Qc7 11. O-O Nbd7 12. Bf4 Nh5 13. Bh2 Ne5 14. Bc2 Qe7 15.
f4 Nd7 16. e5 dxe5 17. d6 Qd8 18. f5 Re8 19. Nd5 Rb8 20. g4 Nhf6 21. Ne7+ Rxe7
22. dxe7 Qxe7 23. g5 Nh5 24. f6 Nhxf6 25. gxf6 Bxf6 26. Nc3 Bg7 27. Bb3 Qg5+
28. Kh1 Nf6 29. Qd8+ Bf8 30. Qxf6 1-0

[Event "Mistrovstvi CR senioru nad 70 a 80 let"]
[Site "?"]
[Date "2017.08.21"]
[Round "3"]
[White "Zikmund, Jaroslav"]
[Black "Slizek, Josef"]
[Result "1/2-1/2"]
[WhiteElo "1807"]
[BlackElo "1926"]
[PlyCount "78"]
[EventDate "2017.08.19"]

1. d4 d5 2. c4 c6 3. e3 Nf6 4. Nc3 e6 5. Nf3 Bb4 6. Bd2 Nbd7 7. Rc1 O-O 8. Bd3
Bd6 9. O-O Re8 10. Re1 h6 11. h3 Nh7 12. e4 dxe4 13. Nxe4 Bc7 14. Qc2 Nhf6 15.
Bc3 Bf4 16. Rcd1 Nxe4 17. Bxe4 Nf6 18. d5 Qc7 19. dxc6 Nxe4 20. Qxe4 bxc6 21.
Ne5 Bg5 22. Qxc6 Qxc6 23. Nxc6 Bb7 24. Na5 Bc8 25. Rd3 Bf4 26. Be5 Bxe5 27.
Rxe5 f6 28. Re1 e5 29. Red1 Be6 30. b3 Rac8 31. Nb7 Rc7 32. Nd6 Ra8 33. Nb5
Rcc8 34. Rd6 a6 35. Nc3 Kf7 36. Rb6 a5 37. Rdd6 Bf5 38. g4 Bc2 39. Rb7+ Kf8
1/2-1/2

[Event "Mistrovstvi CR senioru nad 70 a 80 let"]
[Site "?"]
[Date "2017.08.21"]
[Round "3"]
[White "Labik, Jaroslav"]
[Black "Sladek, Jaroslav"]
[Result "1-0"]
[WhiteElo "1657"]
[BlackElo "1559"]
[PlyCount "125"]
[EventDate "2017.08.19"]

1. c4 d6 2. d4 Nd7 3. Nf3 g6 4. Nc3 Ngf6 5. e4 Bg7 6. Be2 O-O 7. O-O c5 8. d5
Ng4 9. h3 Nge5 10. Be3 Nxf3+ 11. Bxf3 Ne5 12. Be2 a6 13. Qd2 f5 14. f4 Nf7 15.
Bd3 fxe4 16. Bxe4 Nh6 17. a3 Bf5 18. Rae1 Qd7 19. Bxf5 Nxf5 20. Bf2 Nd4 21. Bh4
Nf5 22. Bf2 b5 23. cxb5 axb5 24. Re2 b4 25. axb4 cxb4 26. Nd1 Qb5 27. g4 Nh6
28. Rxe7 Rf7 29. Rxf7 Nxf7 30. Re1 Qd7 31. Qxb4 Re8 32. Rxe8+ Qxe8 33. Qd2 h5
34. b4 hxg4 35. hxg4 Qe4 36. b5 Qf3 37. g5 Qg4+ 38. Kf1 Qd7 39. b6 Nd8 40. Qd3
Qf5 41. Qxf5 gxf5 42. Ne3 Bd4 43. Nxf5 Bxf2 44. Kxf2 Nb7 45. Ke3 Kf7 46. Ke4
Kg6 47. Ne7+ Kf7 48. Nc8 Kg6 49. Ne7+ Kf7 50. Nc6 Kg6 51. Nd4 Nc5+ 52. Kf3 Nb7
53. Kg4 Nc5 54. f5+ Kf7 55. Nb5 Nb7 56. Kh5 Kg7 57. f6+ Kf7 58. Kh6 Nc5 59.
Nxd6+ Kg8 60. b7 Nxb7 61. Nxb7 Kh8 62. d6 Kg8 63. g6 1-0

[Event "Mistrovstvi CR senioru nad 70 a 80 let"]
[Site "?"]
[Date "2017.08.21"]
[Round "3"]
[White "Bakalar, Jan"]
[Black "Volf, Jaroslav"]
[Result "1/2-1/2"]
[WhiteElo "1946"]
[BlackElo "2029"]
[PlyCount "34"]
[EventDate "2017.08.19"]

1. b3 e5 2. Bb2 d6 3. g3 Nc6 4. Bg2 f5 5. e3 Nf6 6. Ne2 Be7 7. d4 e4 8. d5 Ne5
9. O-O O-O 10. Bxe5 dxe5 11. c4 c6 12. dxc6 bxc6 13. Nbc3 Qc7 14. Qc2 Be6 15.
Rfd1 Rfd8 16. Na4 Nd7 17. g4 g6 1/2-1/2

[Event "Mistrovstvi CR senioru nad 70 a 80 let"]
[Site "?"]
[Date "2017.08.21"]
[Round "3"]
[White "Trojan, Lubos"]
[Black "Glembek, Bohumir"]
[Result "1/2-1/2"]
[WhiteElo "1989"]
[BlackElo "1792"]
[PlyCount "26"]
[EventDate "2017.08.19"]

1. d4 Nf6 2. g3 g6 3. Bg2 Bg7 4. e3 d5 5. c4 O-O 6. Nd2 c6 7. b3 Nbd7 8. Bb2
Re8 9. f4 Nf8 10. h3 Bf5 11. Qe2 Qa5 12. Ngf3 Ne4 13. Qd1 Nxg3 1/2-1/2